[Event "Cuiaba Contaud op"]
[Site "Cuiaba"]
[Date "2024.11.23"]
[Round "4"]
[White "Manica, Joao Paulo"]
[Black "De Souza, Samuel de Deus"]
[Result "0-1"]
[WhiteElo "1800"]
[BlackElo "1604"]
[PlyCount "42"]
[EventDate "2024.11.22"]
[EventType "swiss"]
[EventRounds "6"]
[EventCountry "BRA"]
[SourceTitle "CB49_2024"]
[SourceDate "2024.12.04"]
[SourceVersion "1"]
[SourceVersionDate "2024.12.04"]
[SourceQuality "1"]

1. e4 e5 2. Nc3 Nf6 3. Nf3 Nc6 4. Bb5 d6 5. d4 exd4 6. Nxd4 Bd7 7. Nf3 Be7 8. 0-0 0-0 9. Re1 a6 10. Bxc6 Bxc6 11. e5 Ng4 12. e6 fxe6 13. Nd4 Bh4 14. Qxg4 Bxf2+ 15. Kh1 Qf6 16. Qxe6+ Qxe6 17. Rxe6 Bxd4 18. Bd2 Rf2 19. Rg1 Bxg2+ 20. Rxg2 Rf1+ 21. Rg1 Rxg1# 0-1